La región Vaccea: celtiberísmo y romanización en la cuenca media del Duero
Uloženo v:
| Hlavní autor: | |
|---|---|
| Médium: | Kniha |
| Jazyk: | španělština |
| Vydáno: |
Madrid, España
Consejo Superior de Investigaciones Científicas
1959
|
| Edice: | Bibliotheca Prehistorica Hispana,
2 |
| Témata: | |
| Tagy: |
Přidat tag
Žádné tagy, Buďte první, kdo vytvoří štítek k tomuto záznamu!
|
MARC
| LEADER | 00000nam a2200000 a 4500 | ||
|---|---|---|---|
| 001 | UCO1338 | ||
| 003 | CL-VaPUC | ||
| 005 | 20210521001545.0 | ||
| 008 | 000512e19590000SP |||||||||||||||||spa|d | ||
| 999 | |c 287966 |d 287964 | ||
| 040 | |c Pontificia Universidad Católica de Valparaíso | ||
| 082 | 0 | 4 | |a 936.6 WAT 1959 |2 21 |
| 100 | 0 | |a Wattenberg, Federico |e author |9 443366 | |
| 245 | 1 | 3 | |a La región Vaccea: |b celtiberísmo y romanización en la cuenca media del Duero |
| 260 | |a Madrid, España |b Consejo Superior de Investigaciones Científicas |c 1959 | ||
| 300 | |a 219 páginas | ||
| 490 | 0 | |a Bibliotheca Prehistorica Hispana, |v 2 | |
| 583 | |a last modification |c 20000512 00:00:00 |k Rodrigo Vera | ||
| 650 | 0 | |a Historia antigua |z ESPAÑA |9 267521 | |
| 650 | 7 | |a ESPAÑA ROMANA |2 CL-VaPUC |9 443367 |x CELTAS |x INVASIONES | |
| 650 | 0 | |a Historia de España |9 315435 | |
| 852 | |a BIBCUR | ||
| 942 | |c BK |2 ddc | ||
| 945 | |d 20000512 00:00:00 |a rherrera | ||
| 952 | |0 0 |1 0 |2 ddc |4 0 |6 936_600000000000000_WAT_1959 |7 0 |8 A |9 335086 |a BIBHIS |b BIBHIS |d 2019-11-20 |i 1280759 |o 936.6 WAT 1959 |p 1280759 |r 2025-01-20 |t 1 |w 2019-11-20 |y BK |k HIS | ||